000 00404nam a2200169Ia 4500
005 20230705132911.0
008 230524s9999 xx 000 0 und d
082 _bAGA
100 _aUdit Agarwal
245 0 _aAlgorithms Design and Analysis
250 _a1
260 _aNew Delhi
_bDhanpati Rai
_c2011
300 _a"XV,A-16p;"
500 _aQuantity Number: 2
650 _aComp-Sc
942 _cBK
999 _c56370
_d56370